UBT Library

Precalculus mathematics, a graphing approach / (Record no. 1189)

000 -LEADER
fixed length control field 00607nam a22001817a 4500
008 - FIXED-LENGTH DATA ELEMENTS--GENERAL INFORMATION
fixed length control field 150930b xxu||||| |||| 00| 0 eng d
020 ## - INTERNATIONAL STANDARD BOOK NUMBER
International Standard Book Number 0201528134
041 0# - LANGUAGE CODE
Language code of text/sound track or separate title eng
080 ## - UNIVERSAL DECIMAL CLASSIFICATION NUMBER
Universal Decimal Classification number 510.2
100 1# - Rafti
Rafti Demana, Franklin D.,
245 10 - TITLE STATEMENT
Title Precalculus mathematics, a graphing approach /
Statement of responsibility, etc Franklin Demana, Bert K. Waits ; with the assistance of Alan Osborne, Gregory D. Foley.
260 ## -
-- Reading, Mass. :
-- Addison-Wesley Pub. Co.,
-- 1990.
300 ## -
-- xvi, 933 f. in various pagings :
-- me il.;
-- 24 cm.
650 #0 -
-- Matematikë
650 #0 -
-- Prekalkulus
700 1# -
-- Waits, Bert K.
942 ## - ADDED ENTRY ELEMENTS (KOHA)
Source of classification or shelving scheme
Item type Books
Holdings
Withdrawn status Lost status Source of classification or shelving scheme Damaged status Not for loan Collection code Permanent location Current location Shelving location Date acquired Total Checkouts Full call number Barcode Date last seen Price effective from Koha item type
          Koleksioni i përgjithshem UBT - Lipjan UBT - Lipjan Koleksioni i përgjithshem 09/30/2015   510.2 DEM 002-007995 09/30/2015 09/30/2015 Books
          Koleksioni i përgjithshem UBT - Lipjan UBT - Lipjan Koleksioni i përgjithshem 09/30/2015   510.2 DEM 002-008054 09/30/2015 09/30/2015 Books
UBT Library © 2015-2024. All rights reserved University Education for Business and Technology